| 000 | 02382cam a22005054i 4500 | ||
|---|---|---|---|
| 003 | PE-LiUPU | ||
| 005 | 20250731172739.0 | ||
| 008 | 150617s1964 enk r 000 0 spa d | ||
| 035 | _a(Sirsi) a11925 | ||
| 040 |
_aPE-LiUPU _bspa _cPE-LiUPU _erda |
||
| 049 | _aPRUA | ||
| 082 | 0 | 4 |
_a231.4 _bP59 _221 |
| 100 | 1 |
_aPink, Arthur W., _eautor. |
|
| 245 | 1 | 4 |
_aLos atributos de Dios / _cArthur W. Pink. |
| 264 | 1 |
_aLondon : _bThe Banner of truth trust, _c1964. |
|
| 300 |
_a132 páginas ; _c19 centímetros |
||
| 336 |
_atext _2rdacontent |
||
| 337 |
_aunmediated _2rdamedia |
||
| 338 |
_avolume _2rdacarrier |
||
| 505 | 0 | _aLa soledad de Dios -- Los decretos de Dios -- La omnisciencia de Dios -- La presencia de Dios -- La supremacía de Dios -- La soberanía de Dios -- La inmutabilidad de Dios -- La santidad de Dios -- El poder de Dios -- La fidelidad de Dios -- La bondad de Dios -- La paciencia de Dios -- La gracia de Dios -- La misericordia de Dios -- El amor de Dios -- La ira de Dios -- Meditando sobre Dios. | |
| 526 | _aSEG42 | ||
| 526 | _aSEG41 | ||
| 526 | _aSEG40 | ||
| 526 | _aSEG39 | ||
| 526 | _aP94 | ||
| 526 | _aP87 | ||
| 526 | _aP86 | ||
| 526 | _aP85 | ||
| 526 | _aP77 | ||
| 526 | _aP76 | ||
| 526 | _aP35 | ||
| 650 | 1 | 4 |
_aDios. _93786 |
| 910 |
_ajck _bjvq _cjck _d20150616 |
||
| 942 |
_2ddc _cBOOK |
||
| 949 |
_a231.4 P59 _wDEWEY _c1 _i21021 _lCCODEBUL1 _mBUL _p13.00 _r0 _sY _tBOOK _u19810913 _xTEOLOGIA _PP35 _0COMPRA _o.STAFF. Colección Teología |
||
| 949 |
_a231.4 P59 _wDEWEY _c2 _i19503 _lCCODEBUL1 _mBUL _p13.00 _r0 _sY _tBOOK _u19810913 _xTEOLOGIA _PP35 _0COMPRA _o.STAFF. Colección Teología |
||
| 994 |
_aC0 _bPEPRU |
||
| 596 | _a1 | ||
| 999 |
_a231.4 P59 _wDEWEY _c2126 _i21021 _d2126 _e2017-9-20 _f2021-11-11 _g6 _lCCODEBUL1 _mBUL _n1 _p13.00 _r0 _sY _tBOOK _u2015-6-17 _xTEOLOGIA _PP35 _0COMPRA _o.STAFF. Colección Teología |
||
| 999 |
_a231.4 P59 _wDEWEY _c2 _i19503 _f2021-11-11 _g5 _lCCODEBUL1 _mBUL _p13.00 _r0 _sY _tBOOK _u2015-6-17 _xTEOLOGIA _PP35 _0COMPRA _o.STAFF. Colección Teología |
||
| 999 |
_a231.4 P59 _wDEWEY _c3 _i74977 _d2019-6-18 _f2021-11-11 _g5 _lCCODEBUL1 _mBUL _p13.00 _q1 _r0 _sY _tBOOK _u2016-10-18 _xTEOLOGIA _PP35 _0COMPRA _o.STAFF. Colección Teología |
||
| 980 |
_81 _gALBERTO SANCHEZ Responsable de Automatización |
||